| 000 | 003790000a22001570004500 | ||
|---|---|---|---|
| 001 | 000120 | ||
| 003 | MACL | ||
| 040 | _aMACL | ||
| 090 |
_c120 _d120 |
||
| 100 | _aKaul, Ranjana | ||
| 245 |
_aConstitutional Development In The Indian Princely States _cRanjana Kaul |
||
| 260 |
_aVikas Publishing House, _c1998 |
||
| 350 | _a325 | ||
| 650 | _aPortical Science | ||
| 942 |
_k342 _cBook |
||
| 999 |
_c49427 _d49427 |
||